000 00634 a2200193 4500
010 _aENG-90055
020 _a817879313X
_c600.0
035 _aEN-73588
037 _bDBAD / PUB
082 1 4 _a613
090 _c12257
_d12257
245 1 _aHealth and wellness/
_cedited & compiled by Sandhu Varghese
260 _aDelhi
_bSports Publication
_c2006
270 _a7/26, Ground Floor, Ansari Raod, Darya Ganj
_bNew Delhi
_e110 002
300 _a336p.
_c22cm. (Hb.)
700 _aVarghese Sandhu
942 _adpl
_cEN
_k 613 / HEA
999 _c11903
_d11903